[Event "Weekend Accademia Inverno"]
[Site "Roma ITA"]
[Date "2011.02.11"]
[Round "1"]
[White "Vuelban, Virgilio"]
[Black "Di Giulio, Michele"]
[Result "1-0"]
[WhiteElo "2362"]
[BlackElo "1657"]
[PlyCount "53"]
[EventDate "2011.02.11"]

1. e4 e5 2. Nf3 Nf6 3. Nxe5 d6 4. Nf3 Nxe4 5. d4 d5 6. Bd3 Be7 7. O-O O-O 8.
Re1 Nf6 9. Nbd2 Re8 10. Nf1 Nbd7 11. Ng3 Nf8 12. Ne5 N8d7 13. f4 Nxe5 14. fxe5
Nd7 15. Nf5 Nf8 16. Qh5 Bxf5 17. Qxf5 Qd7 18. Qf3 c6 19. Rf1 Bd8 20. Be3 f6 21.
Bf5 Qe7 22. exf6 Qxf6 23. c3 Bc7 24. Qh5 Qd8 25. Bd3 Qd6 26. Rxf8+ Kxf8 27.
Rf1+ 1-0

[Event "Weekend Accademia Inverno"]
[Site "Roma ITA"]
[Date "2011.02.11"]
[Round "1"]
[White "Angelastro, Ariel Francisco"]
[Black "Chiaretti, Roberto"]
[Result "0-1"]
[WhiteElo "1644"]
[BlackElo "2205"]
[PlyCount "75"]
[EventDate "2011.02.11"]

1. d4 Nf6 2. c4 e6 3. Nc3 Bb4 4. Bg5 c5 5. e3 Qa5 6. Qc2 Ne4 7. Qxe4 Bxc3+ 8.
Kd1 Bxb2 9. Rb1 cxd4 10. Rxb2 Qxg5 11. exd4 f5 12. Nf3 Qf6 13. Qe5 O-O 14. Bd3
Qxe5 15. Nxe5 d6 16. Nf3 Nc6 17. Re1 Nd8 18. Nd2 Bd7 19. Nb3 Rc8 20. Kd2 b6 21.
f4 Kf7 22. g3 Kf6 23. Be2 Nf7 24. Kd3 h6 25. Bf3 g5 26. d5 e5 27. fxg5+ hxg5
28. Bh1 g4 29. Rf2 Rc7 30. Nd2 Rfc8 31. Rb1 Kg6 32. Bg2 Rc5 33. h4 b5 34. Bf1
bxc4+ 35. Kc3 e4 36. Nxc4 Ne5 37. Rb4 a5 38. Rb7 0-1

[Event "Weekend Accademia Inverno"]
[Site "Roma ITA"]
[Date "2011.02.11"]
[Round "1"]
[White "Quimi, Marco"]
[Black "Gerlando, Onofrio"]
[Result "1-0"]
[WhiteElo "2114"]
[BlackElo "1620"]
[PlyCount "89"]
[EventDate "2011.02.11"]

1. d4 d5 2. Nf3 Nf6 3. Bf4 e6 4. Nbd2 Be7 5. e3 a6 6. Bd3 Nc6 7. c3 Nh5 8. Be5
Nf6 9. h4 b6 10. Ng5 h6 11. Ngf3 Bb7 12. g4 Nxe5 13. Nxe5 Nd7 14. Ndf3 Bd6 15.
Qe2 Qe7 16. O-O-O Bxe5 17. dxe5 Nc5 18. Bc2 O-O-O 19. Nd4 Nd7 20. f4 Kb8 21. g5
c5 22. Nf3 hxg5 23. hxg5 g6 24. Rh6 Ka7 25. Rdh1 Rhg8 26. Rh7 Nf8 27. Rh8 Rxh8
28. Rxh8 Nd7 29. Rh7 Nf8 30. Rg7 Nd7 31. Bxg6 Rf8 32. Bc2 Rh8 33. g6 c4 34.
Rxf7 Qe8 35. Nd4 Nc5 36. Qg2 Rg8 37. Qh3 Nd3+ 38. Kb1 Rxg6 39. Qh7 Rg1+ 40. Bd1
Rxd1+ 41. Kc2 Rc1+ 42. Kd2 Qc8 43. Rxb7+ Qxb7 44. Nc6+ Ka8 45. Qg8+ 1-0

[Event "Weekend Accademia Inverno"]
[Site "Roma ITA"]
[Date "2011.02.11"]
[Round "1"]
[White "Squicciarini, Simone"]
[Black "Barletta, Antonio"]
[Result "0-1"]
[WhiteElo "1605"]
[BlackElo "2010"]
[PlyCount "70"]
[EventDate "2011.02.11"]

1. d4 g6 2. Nf3 Bg7 3. g3 c5 4. c3 b6 5. Bg2 Bb7 6. O-O Nf6 7. dxc5 bxc5 8.
Nbd2 O-O 9. Qc2 d5 10. Re1 Nbd7 11. b3 e5 12. e4 d4 13. Bb2 Rc8 14. Nc4 Qc7 15.
cxd4 cxd4 16. Ba3 Rfe8 17. Rac1 Bh6 18. Rcd1 Ba6 19. Bh3 Bxc4 20. bxc4 Qxc4 21.
Qxc4 Rxc4 22. Rb1 Rc3 23. Rb3 Rxb3 24. axb3 Rb8 25. Bd6 Rb6 26. Bxe5 Nxe5 27.
Nxe5 Rxb3 28. Nc6 d3 29. e5 d2 30. Rd1 Ne4 31. e6 Kf8 32. f4 Rb2 33. Ne5 Nc3
34. Nd3 Nxd1 35. Nxb2 Nxb2 0-1

[Event "Weekend Accademia Inverno"]
[Site "Roma ITA"]
[Date "2011.02.11"]
[Round "1"]
[White "Stirpe, Claudio"]
[Black "Paragliola, Gennaro"]
[Result "1-0"]
[WhiteElo "2004"]
[BlackElo "1603"]
[PlyCount "65"]
[EventDate "2011.02.11"]

1. d4 Nf6 2. c4 d6 3. Nc3 g6 4. e4 Bg7 5. f3 e5 6. Nge2 exd4 7. Nxd4 O-O 8. Be3
Bd7 9. Be2 Nc6 10. O-O Re8 11. Rc1 h6 12. Nd5 Nh7 13. Nb5 Rc8 14. Qd2 a6 15.
Nbxc7 Rxc7 16. Bb6 Bd4+ 17. Bxd4 Nxd4 18. Qxd4 Rc8 19. Rfd1 Qg5 20. Qd2 Qe5 21.
Nb6 Rcd8 22. Nxd7 Rxd7 23. c5 d5 24. Bc4 d4 25. Bd5 Nf6 26. Qxd4 Qg5 27. Qd2
Qe5 28. Rc3 Red8 29. Rd3 Kg7 30. b4 Nh5 31. g3 f6 32. a4 f5 33. Qc3 1-0

[Event "Weekend Accademia Inverno"]
[Site "Roma ITA"]
[Date "2011.02.11"]
[Round "1"]
[White "Pipitone, Filippo Massimo"]
[Black "Prudenzano, Ruggero"]
[Result "0-1"]
[WhiteElo "1568"]
[BlackElo "1954"]
[PlyCount "96"]
[EventDate "2011.02.11"]

1. d4 Nf6 2. Nf3 c5 3. e3 g6 4. c4 Bg7 5. Be2 O-O 6. O-O b6 7. Nc3 Bb7 8. Qb3
Nc6 9. dxc5 Na5 10. Qb4 bxc5 11. Qxc5 d6 12. Qd4 Ne4 13. Qd1 Nxc3 14. bxc3 Bxc3
15. Rb1 Be4 16. Bd3 Bxd3 17. Qxd3 Bg7 18. Ba3 Qc7 19. Rfc1 Rab8 20. Nd2 Nc6 21.
c5 d5 22. Qc2 Qa5 23. Bb2 Qxa2 24. Bxg7 Qxc2 25. Rxc2 Rxb1+ 26. Nxb1 Kxg7 27.
Nc3 Rb8 28. h3 e6 29. f3 f5 30. Kh2 Rb3 31. Rc1 a5 32. Kg3 Kf6 33. f4 h6 34.
Kf3 d4 35. exd4 Nxd4+ 36. Ke3 Nc6 37. Kf2 e5 38. g3 e4 39. Nd5+ Kf7 40. Ne3 a4
41. Nc4 Nb4 42. Ne5+ Ke6 43. Rd1 Nd3+ 44. Nxd3 Rxd3 45. Rc1 Kd7 46. Rc2 Kc6 47.
Kg2 a3 48. Kf2 Rb3 0-1

[Event "Weekend Accademia Inverno"]
[Site "Roma ITA"]
[Date "2011.02.11"]
[Round "1"]
[White "Matteoli, Maurizio"]
[Black "Baiocchi, Emanuele"]
[Result "1-0"]
[WhiteElo "1943"]
[BlackElo "1530"]
[PlyCount "65"]
[EventDate "2011.02.11"]

1. d4 d5 2. c4 c6 3. Nf3 Nf6 4. Nc3 Bf5 5. Qb3 b6 6. Bf4 e6 7. Ne5 Bd6 8. f3
Bxe5 9. dxe5 Nh5 10. Be3 d4 11. O-O-O c5 12. Nb5 O-O 13. g4 Qe7 14. Bd2 a6 15.
Nd6 Bg6 16. gxh5 Bxh5 17. Rg1 f6 18. Bh6 Bg6 19. h4 gxh6 20. h5 Kg7 21. hxg6
hxg6 22. Qd3 f5 23. f4 Qh4 24. Qf3 Nc6 25. Qxc6 Qxf4+ 26. Kb1 g5 27. Qd7+ Kg6
28. Qxe6+ Kg7 29. Rh1 g4 30. Bg2 Rad8 31. Rdf1 Qg5 32. Nxf5+ Kh7 33. Rxh6+ 1-0

[Event "Weekend Accademia Inverno"]
[Site "Roma ITA"]
[Date "2011.02.11"]
[Round "1"]
[White "Salvati, Carmine"]
[Black "Pitrelli, Antonio"]
[Result "0-1"]
[WhiteElo "1485"]
[BlackElo "1937"]
[PlyCount "52"]
[EventDate "2011.02.11"]

1. d4 d5 2. c4 dxc4 3. Nc3 a6 4. a4 e5 5. d5 c6 6. e4 Nf6 7. Bxc4 Bb4 8. Qe2
O-O 9. Bd2 Bg4 10. Nf3 Re8 11. O-O Bxc3 12. Bxc3 cxd5 13. Rfd1 d4 14. Bxf7+
Kxf7 15. Qc4+ Kg6 16. h3 Bxf3 17. gxf3 Qc8 18. Qxc8 Rxc8 19. Bb4 Nbd7 20. Bd6
Rc6 21. Be7 Kf7 22. Ba3 Rac8 23. f4 Nxe4 24. fxe5 Nxe5 25. Kg2 Rg6+ 26. Kf1 Rc2
0-1

[Event "Weekend Accademia Inverno"]
[Site "Roma ITA"]
[Date "2011.02.11"]
[Round "1"]
[White "Iandolo, Marco"]
[Black "Bizzarro, Sofia"]
[Result "1-0"]
[WhiteElo "1925"]
[BlackElo "1455"]
[PlyCount "87"]
[EventDate "2011.02.11"]

1. Nf3 Nc6 2. c4 e5 3. d3 d6 4. g3 Bd7 5. Bg2 g6 6. Nc3 Bg7 7. Rb1 Nge7 8. b4
e4 9. Nxe4 Qc8 10. b5 Nd8 11. Bg5 Bh3 12. O-O Bxg2 13. Kxg2 Qd7 14. Bh6 O-O 15.
Qd2 f5 16. Nc3 c6 17. Bxg7 Kxg7 18. bxc6 Nexc6 19. Nd5 Kg8 20. Qc3 Qg7 21.
Qxg7+ Kxg7 22. Rb5 b6 23. Ng5 Nd4 24. Rb2 N4e6 25. Nxe6+ Nxe6 26. a4 Rab8 27.
Rfb1 Nc5 28. a5 Rfe8 29. axb6 Na4 30. Ra2 Nc5 31. Rxa7+ Kh8 32. d4 Ne4 33. e3
Rec8 34. Rc7 Nd2 35. Rxc8+ Rxc8 36. b7 Rb8 37. Rb4 Kg7 38. c5 dxc5 39. dxc5 Ne4
40. Rxe4 fxe4 41. c6 Rd8 42. c7 Rxd5 43. c8=Q Rf5 44. b8=Q 1-0

[Event "Weekend Accademia Inverno"]
[Site "Roma ITA"]
[Date "2011.02.11"]
[Round "1"]
[White "Radatti, Michele"]
[Black "Minikh, Edouard"]
[Result "0-1"]
[WhiteElo "1446"]
[BlackElo "1920"]
[PlyCount "53"]
[EventDate "2011.02.11"]

1. e4 e5 2. Nf3 Nc6 3. Bb5 Nge7 4. O-O g6 5. c3 Bg7 6. d3 O-O 7. Be3 d5 8. Qc2
a6 9. Ba4 b5 10. Bb3 Na5 11. Bc5 Nxb3 12. axb3 Bb7 13. Nbd2 Re8 14. d4 dxe4 15.
Nxe4 Nf5 16. Rfe1 exd4 17. cxd4 Nxd4 18. Bxd4 Bxd4 19. Rad1 Bxe4 20. Rxe4 Rxe4
21. Qxe4 Bxf2+ 22. Kxf2 Qxd1 23. Qxa8+ Kg7 24. Qe4 Qd2+ 25. Qe2 Qxe2+ 26. Kxe2
a5 27. Ke3 0-1

[Event "Weekend Accademia Inverno"]
[Site "Roma ITA"]
[Date "2011.02.11"]
[Round "1"]
[White "Tosi, Francesco"]
[Black "Ballarini, Martin"]
[Result "1-0"]
[WhiteElo "1841"]
[BlackElo "1831"]
[PlyCount "107"]
[EventDate "2011.02.11"]

1. d4 Nf6 2. c4 e5 3. dxe5 Ng4 4. e4 Nxe5 5. f4 Nec6 6. Be3 Bb4+ 7. Nd2 d6 8.
Ngf3 Bg4 9. Be2 Qe7 10. O-O Bxf3 11. Bxf3 Nd7 12. a3 Bc5 13. Bxc5 Nxc5 14. b4
Ne6 15. e5 Ned4 16. exd6 Qe3+ 17. Kh1 O-O-O 18. b5 Na5 19. dxc7 Kxc7 20. Bd5
Kb8 21. Re1 Qxf4 22. Re4 Qf6 23. Qf1 Nf5 24. Qf4+ Ka8 25. Rf1 Nd6 26. Qxf6 gxf6
27. Ref4 Ndxc4 28. Nxc4 Rxd5 29. Nxa5 Rxb5 30. Nc4 h5 31. h4 Rd5 32. Rxf6 Rd4
33. R6f4 Rhd8 34. g3 Rd3 35. R4f3 R3d4 36. Ne5 Re4 37. Nxf7 Rb8 38. Nd6 Re6 39.
Nb5 Rc6 40. Rf8 Rcc8 41. Rxc8 Rxc8 42. Rf5 Rh8 43. Re5 a6 44. Re8+ Rxe8 45.
Nc7+ Ka7 46. Nxe8 Kb6 47. g4 hxg4 48. h5 Ka5 49. h6 Ka4 50. h7 Kxa3 51. h8=Q b5
52. Nc7 b4 53. Nxa6 b3 54. Qa1# 1-0

[Event "Weekend Accademia Inverno"]
[Site "Roma ITA"]
[Date "2011.02.11"]
[Round "1"]
[White "Fargnoli, Maurizio"]
[Black "Milani, Patrizia"]
[Result "0-1"]
[WhiteElo "1709"]
[BlackElo "1425"]
[PlyCount "51"]
[EventDate "2011.02.11"]

1. d4 d5 2. c4 Nf6 3. Nc3 c6 4. e3 Bf5 5. Nf3 h6 6. Be2 Qc7 7. Bd2 Nbd7 8. Rc1
e6 9. O-O Be7 10. h3 O-O 11. Ne1 Rfe8 12. f4 Nb6 13. b3 Bd6 14. Rc2 Bxc2 15.
Qxc2 Bb4 16. cxd5 Bxc3 17. Qxc3 Nbxd5 18. Qd3 c5 19. e4 Nb4 20. Qc4 Na6 21. Be3
Nxe4 22. dxc5 Ng3 23. Rf2 Nxe2+ 24. Rxe2 Rac8 25. b4 Nb8 26. a4 0-1

[Event "Weekend Accademia Inverno"]
[Site "Roma ITA"]
[Date "2011.02.11"]
[Round "1"]
[White "Piperno, Renato"]
[Black "Lami, Damiano"]
[Result "0-1"]
[WhiteElo "1401"]
[BlackElo "1670"]
[PlyCount "82"]
[EventDate "2011.02.11"]

1. e4 e5 2. Nf3 Nf6 3. Nxe5 d6 4. Nf3 Nxe4 5. d4 d5 6. Bd3 Bf5 7. O-O Be7 8.
Re1 O-O 9. c3 Re8 10. Be3 Nd7 11. Nbd2 Ndf6 12. Ne5 Bd6 13. Nef3 Nxc3 14. bxc3
Bxd3 15. Nf1 Bf5 16. Bg5 Be7 17. Ng3 Bg6 18. Nh4 Ne4 19. Bxe7 Rxe7 20. Nxg6
hxg6 21. Nxe4 Rxe4 22. Qf3 Qe7 23. Rxe4 Qxe4 24. Qxe4 dxe4 25. Re1 f5 26. f3
exf3 27. gxf3 Kf7 28. f4 Re8 29. Rxe8 Kxe8 30. Kf2 Kd7 31. Kg3 c5 32. dxc5 Ke6
33. Kh4 Kd5 34. a4 a5 35. c6 bxc6 36. Kg5 Ke4 37. c4 c5 38. h4 Kf3 39. Kxg6
Kxf4 40. Kh5 Kg3 41. Kg5 f4 0-1

[Event "Weekend Accademia Inverno"]
[Site "Roma ITA"]
[Date "2011.02.11"]
[Round "2"]
[White "Minikh, Edouard"]
[Black "Vuelban, Virgilio"]
[Result "0-1"]
[WhiteElo "1920"]
[BlackElo "2362"]
[PlyCount "43"]
[EventDate "2011.02.11"]

1. e4 c5 2. Nc3 Nc6 3. g3 g6 4. Bg2 Bg7 5. Nf3 d6 6. O-O Nf6 7. d3 O-O 8. Bf4
e5 9. Bg5 h6 10. Bd2 Kh7 11. Re1 Be6 12. h3 d5 13. exd5 Nxd5 14. Nxd5 Qxd5 15.
Bc3 Qd6 16. Qe2 Rfe8 17. Qf1 b5 18. a3 a5 19. a4 b4 20. Bd2 f5 21. c3 g5 22. c4
0-1

[Event "Weekend Accademia Inverno"]
[Site "Roma ITA"]
[Date "2011.02.11"]
[Round "2"]
[White "Chiaretti, Roberto"]
[Black "Tosi, Francesco"]
[Result "0-1"]
[WhiteElo "2205"]
[BlackElo "1841"]
[PlyCount "78"]
[EventDate "2011.02.11"]

1. e4 c6 2. d4 d5 3. e5 Bf5 4. Nf3 e6 5. Be2 Nd7 6. O-O Rc8 7. Nbd2 g5 8. Nb3
g4 9. Ne1 h5 10. Nd3 b6 11. Nf4 c5 12. c4 dxc4 13. Bxc4 cxd4 14. Qxd4 Bc5 15.
Nxc5 Nxc5 16. Bb5+ Kf8 17. Qe3 Ne7 18. Qa3 Kg7 19. Be3 Ng6 20. b4 Nxf4 21. Bxf4
Ne4 22. Rad1 Qf8 23. Rd4 Nc3 24. Bc4 Rxc4 25. Rxc4 Ne2+ 26. Kh1 b5 27. Re1 bxc4
28. Rxe2 h4 29. Bg5 Kg6 30. Bf6 Rh5 31. Qc3 Qa8 32. Kg1 Bd3 33. Re3 Qd5 34. Qd2
Bf5 35. Qxd5 exd5 36. Ra3 d4 37. Kf1 c3 38. Rxa7 g3 39. fxg3 hxg3 0-1

[Event "Weekend Accademia Inverno"]
[Site "Roma ITA"]
[Date "2011.02.11"]
[Round "2"]
[White "Spano' Cuomo, Gaetano"]
[Black "Quimi, Marco"]
[Result "1-0"]
[WhiteElo "1792"]
[BlackElo "2114"]
[PlyCount "60"]
[EventDate "2011.02.11"]

1. d4 Nf6 2. c4 c5 3. e3 g6 4. Nf3 Bg7 5. Nc3 b6 6. Be2 Bb7 7. d5 O-O 8. e4 e6
9. O-O exd5 10. cxd5 d6 11. Bg5 a6 12. Nd2 b5 13. b3 Nbd7 14. a4 c4 15. axb5
axb5 16. Rxa8 Qb6 17. Kh1 Rxa8 18. h3 Nh5 19. Qc1 cxb3 20. g4 Rc8 21. gxh5 Rxc3
22. Qb1 Nc5 23. h6 Be5 24. f4 Bh8 25. f5 Be5 26. Nf3 Rxf3 27. Rxf3 b2 28. fxg6
fxg6 29. Bf6 Nxe4 30. Bxe5 Bxd5 1-0

[Event "Weekend Accademia Inverno"]
[Site "Roma ITA"]
[Date "2011.02.11"]
[Round "2"]
[White "Barletta, Antonio"]
[Black "Di Carlo, Adriano"]
[Result "1-0"]
[WhiteElo "2010"]
[BlackElo "1765"]
[PlyCount "51"]
[EventDate "2011.02.11"]

1. e4 c6 2. Nc3 d5 3. Nf3 dxe4 4. Nxe4 Nf6 5. Nxf6+ gxf6 6. g3 Bf5 7. Bg2 Na6
8. d3 e5 9. O-O Qd7 10. Re1 O-O-O 11. Qe2 h5 12. Be3 Kb8 13. a3 Bd6 14. b4 Bg4
15. Qf1 Nc7 16. c4 f5 17. c5 Bxf3 18. cxd6 Bxg2 19. dxc7+ Qxc7 20. Kxg2 f4 21.
Bc1 Qd6 22. Rxe5 fxg3 23. hxg3 h4 24. Bf4 hxg3 25. Re4 Rh2+ 26. Kxg3 1-0

[Event "Weekend Accademia Inverno"]
[Site "Roma ITA"]
[Date "2011.02.11"]
[Round "2"]
[White "Petragnani, Gian Giacomo"]
[Black "Stirpe, Claudio"]
[Result "0-1"]
[WhiteElo "1714"]
[BlackElo "2004"]
[PlyCount "76"]
[EventDate "2011.02.11"]

1. Nf3 Nf6 2. g3 g6 3. Bg2 Bg7 4. O-O c5 5. d3 Nc6 6. Nbd2 O-O 7. e4 d5 8. Re1
dxe4 9. dxe4 Qc7 10. c3 Rd8 11. Qe2 Rb8 12. Nb3 b6 13. e5 Nd5 14. a3 e6 15. c4
Nde7 16. Bg5 Bb7 17. Nbd2 h6 18. Bxe7 Qxe7 19. h4 Rd7 20. Nf1 Rbd8 21. N1h2 h5
22. g4 hxg4 23. Nxg4 Nd4 24. Nxd4 Rxd4 25. Bxb7 Qxb7 26. h5 gxh5 27. Ne3 h4 28.
Qh5 Qe4 29. f3 Qxe5 30. Qxe5 Bxe5 31. Nf5 exf5 32. Rxe5 Rd1+ 33. Re1 Rxa1 34.
Rxa1 Rd2 35. Rb1 Re2 36. b3 Kg7 37. f4 Kg6 38. Rf1 Kh5 0-1

[Event "Weekend Accademia Inverno"]
[Site "Roma ITA"]
[Date "2011.02.11"]
[Round "2"]
[White "Prudenzano, Ruggero"]
[Black "Nazzarri, Errico"]
[Result "1-0"]
[WhiteElo "1954"]
[BlackElo "1362"]
[PlyCount "35"]
[EventDate "2011.02.11"]

1. d4 d5 2. c4 e6 3. Nc3 Nf6 4. cxd5 exd5 5. Bg5 Be7 6. Qc2 O-O 7. e3 Nc6 8.
Nf3 Nb4 9. Qb3 c5 10. dxc5 Bxc5 11. Be2 Bf5 12. Nd4 Qe8 13. Nxf5 b6 14. Bxf6
gxf6 15. O-O Rd8 16. Rad1 Qe5 17. Nd4 Na6 18. Bxa6 1-0

[Event "Weekend Accademia Inverno"]
[Site "Roma ITA"]
[Date "2011.02.11"]
[Round "2"]
[White "Pitrelli, Antonio"]
[Black "Iandolo, Marco"]
[Result "1/2-1/2"]
[WhiteElo "1937"]
[BlackElo "1925"]
[PlyCount "60"]
[EventDate "2011.02.11"]

1. d4 Nf6 2. c4 c5 3. d5 b5 4. cxb5 a6 5. b6 d6 6. Nc3 Nbd7 7. e4 g6 8. Nf3 Bg7
9. Be2 O-O 10. O-O Nxb6 11. Nd2 a5 12. a4 Ne8 13. Re1 Nc7 14. Nc4 Nxc4 15. Bxc4
Ba6 16. Bxa6 Rxa6 17. f4 Qd7 18. Qf3 Rb6 19. h4 e6 20. Ra3 Qe7 21. g3 exd5 22.
e5 d4 23. Nd5 Nxd5 24. Qxd5 dxe5 25. fxe5 Re6 26. Bf4 Rd8 27. Qf3 Kh8 28. Rf1
Bxe5 29. Bd2 f5 30. Bxa5 Rdd6 1/2-1/2

[Event "Weekend Accademia Inverno"]
[Site "Roma ITA"]
[Date "2011.02.11"]
[Round "2"]
[White "Lami, Damiano"]
[Black "Milani, Patrizia"]
[Result "0-1"]
[WhiteElo "1670"]
[BlackElo "1425"]
[PlyCount "70"]
[EventDate "2011.02.11"]

1. e4 e5 2. Nf3 Nc6 3. Bb5 d6 4. d4 exd4 5. Nxd4 Bd7 6. Nxc6 bxc6 7. Bc4 Be6 8.
Bb3 Qd7 9. Nc3 Ne7 10. Be3 Ng6 11. Qe2 Be7 12. Qa6 Bxb3 13. axb3 c5 14. Nd5 O-O
15. Qb7 Bf6 16. Qxc7 Qxc7 17. Nxc7 Rac8 18. Rxa7 Bxb2 19. O-O Rfd8 20. Rd1 Be5
21. g3 Bf6 22. Nd5 Kf8 23. Nxf6 gxf6 24. Re1 Ne5 25. Bd2 Nf3+ 26. Kg2 Nxd2 27.
f3 d5 28. e5 fxe5 29. Rd1 Nxb3 30. cxb3 Kg7 31. Re1 Re8 32. Rd7 e4 33. Rc1 Rb8
34. Rxc5 Rxb3 35. Rcxd5 exf3+ 0-1

[Event "Weekend Accademia Inverno"]
[Site "Roma ITA"]
[Date "2011.02.11"]
[Round "2"]
[White "Di Giulio, Michele"]
[Black "Radatti, Michele"]
[Result "0-1"]
[WhiteElo "1657"]
[BlackElo "1446"]
[PlyCount "58"]
[EventDate "2011.02.11"]

1. d4 Nf6 2. c4 g6 3. Nf3 d5 4. e3 c6 5. Be2 Bg4 6. O-O Bg7 7. Nbd2 O-O 8. b3
Nbd7 9. Bb2 e5 10. dxe5 Ne4 11. cxd5 cxd5 12. h3 Nxd2 13. Qxd2 Bxf3 14. Bxf3
Nxe5 15. Bxd5 Nf3+ 16. gxf3 Bxb2 17. Bxf7+ Rxf7 18. Qxb2 Qg5+ 19. Kh2 Rxf3 20.
Rg1 Qh4 21. Rg3 Raf8 22. Rf1 Qh6 23. Kg2 Rxg3+ 24. Kxg3 Qg5+ 25. Kh2 Rf3 26.
Rg1 Qf5 27. Rg2 Rxh3+ 28. Kg1 Qh5 29. f4 Qd1+ 0-1

[Event "Weekend Accademia Inverno"]
[Site "Roma ITA"]
[Date "2011.02.11"]
[Round "2"]
[White "Bizzarro, Sofia"]
[Black "Angelastro, Ariel Francisco"]
[Result "0-1"]
[WhiteElo "1455"]
[BlackElo "1644"]
[PlyCount "90"]
[EventDate "2011.02.11"]

1. e4 e6 2. d4 d5 3. e5 c5 4. c3 Nc6 5. Nf3 Qb6 6. b3 Nge7 7. Ba3 Ng6 8. Bxc5
Bxc5 9. dxc5 Qxc5 10. c4 d4 11. Qe2 Ngxe5 12. Nxe5 Qxe5 13. Qxe5 Nxe5 14. Nd2
O-O 15. g3 Bd7 16. Bg2 Bc6 17. O-O Rad8 18. Rad1 Rfe8 19. Ne4 f5 20. Nc5 Bxg2
21. Kxg2 b6 22. Nd3 Nxd3 23. Rxd3 e5 24. Rfd1 Kf7 25. b4 Re7 26. f3 Rc7 27. Re1
Kf6 28. Rc1 e4 29. fxe4 fxe4 30. Rd2 e3 31. Re2 Ke5 32. Kf3 Rf8+ 33. Kg2 Ke4
34. c5 d3 35. Rb2 d2 36. Rd1 Kd3 37. Rbb1 e2 38. Rg1 Kc2 39. cxb6 axb6 40. a4
d1=Q 41. Rbxd1 exd1=Q 42. Rxd1 Kxd1 43. a5 bxa5 44. bxa5 Ra7 45. h4 Rxa5 0-1

[Event "Weekend Accademia Inverno"]
[Site "Roma ITA"]
[Date "2011.02.11"]
[Round "2"]
[White "Ballarini, Martin"]
[Black "Squicciarini, Simone"]
[Result "1-0"]
[WhiteElo "1831"]
[BlackElo "1605"]
[PlyCount "53"]
[EventDate "2011.02.11"]

1. d4 d5 2. e3 Nf6 3. Bd3 g6 4. h3 Bg7 5. f4 h5 6. Nf3 b6 7. b3 Ba6 8. c4 Nbd7
9. Ne5 c5 10. Ba3 Bb7 11. Qc2 Ne4 12. O-O O-O 13. cxd5 Bxd5 14. Bxe4 Nxe5 15.
fxe5 cxd4 16. exd4 Rc8 17. Qd3 Bxe4 18. Qxe4 Qd7 19. Nd2 Rc2 20. Qxc2 Qxd4+ 21.
Kh1 Bxe5 22. Rad1 Bb8 23. Bb2 Qd6 24. Nf3 Qg3 25. Qe4 Rc8 26. Be5 Bxe5 27. Nxe5
1-0

[Event "Weekend Accademia Inverno"]
[Site "Roma ITA"]
[Date "2011.02.11"]
[Round "2"]
[White "Baiocchi, Emanuele"]
[Black "Piperno, Renato"]
[Result "1-0"]
[WhiteElo "1530"]
[BlackElo "1401"]
[PlyCount "80"]
[EventDate "2011.02.11"]

1. e4 e5 2. Nf3 Nc6 3. Bc4 Bc5 4. c3 Nf6 5. d4 exd4 6. e5 Qe7 7. cxd4 Bb4+ 8.
Nc3 Na5 9. Bb3 Nxb3 10. Qxb3 O-O 11. O-O Bxc3 12. exf6 Qxf6 13. bxc3 Re8 14.
Bg5 Qg6 15. Ne5 Qe6 16. Nf3 h6 17. Bh4 Qg4 18. h3 Qg6 19. Bg3 d6 20. Rfe1 Be6
21. d5 Bd7 22. c4 c5 23. Qc3 b5 24. Rxe8+ Rxe8 25. Re1 Rxe1+ 26. Nxe1 Qb1 27.
Bxd6 b4 28. Qd2 b3 29. axb3 Qxb3 30. Bxc5 Qxc4 31. Bxa7 Qc7 32. Qd4 Qc1 33. Qe3
Qb1 34. g3 Bxh3 35. d6 Bd7 36. Bd4 Qd1 37. Qe7 Qg4 38. Qh4 Qd1 39. Qd8+ Kh7 40.
Qxd7 Qxd4 1-0

[Event "Weekend Accademia Inverno"]
[Site "Roma ITA"]
[Date "2011.02.12"]
[Round "3"]
[White "Vuelban, Virgilio"]
[Black "Prudenzano, Ruggero"]
[Result "1/2-1/2"]
[WhiteElo "2362"]
[BlackElo "1954"]
[PlyCount "80"]
[EventDate "2011.02.11"]

1. d4 Nf6 2. c4 c5 3. d5 b5 4. cxb5 a6 5. f3 axb5 6. e4 Qa5+ 7. Bd2 b4 8. Na3
d6 9. Nc4 Qa7 10. Ne2 Nbd7 11. Nc1 g6 12. Nb3 Bg7 13. Nba5 Qc7 14. Nb3 O-O 15.
Be2 e6 16. dxe6 fxe6 17. O-O d5 18. exd5 exd5 19. Ne3 Ba6 20. Kh1 Rfe8 21. Re1
c4 22. Nd4 Bb7 23. Bf1 Qc5 24. Nec2 b3 25. axb3 Rxa1 26. Qxa1 cxb3 27. Bb4 Qc7
28. Na3 Qb6 29. Nab5 Ne4 30. fxe4 Bxd4 31. exd5 Be5 32. Qd1 Qf2 33. Qxb3 Nf6
34. Bc4 Qh4 35. h3 Qf4 36. Kg1 Qh2+ 37. Kf1 Qf4+ 38. Kg1 Qh2+ 39. Kf2 Qf4+ 40.
Kg1 Qh2+ 1/2-1/2

[Event "Weekend Accademia Inverno"]
[Site "Roma ITA"]
[Date "2011.02.12"]
[Round "3"]
[White "Stirpe, Claudio"]
[Black "Spano' Cuomo, Gaetano"]
[Result "1-0"]
[WhiteElo "2004"]
[BlackElo "1792"]
[PlyCount "43"]
[EventDate "2011.02.11"]

1. d4 d5 2. c4 e6 3. Nc3 Nf6 4. Bg5 Be7 5. e3 h6 6. Bh4 O-O 7. Nf3 c6 8. Qc2
Nbd7 9. O-O-O a6 10. c5 b5 11. Bd3 a5 12. a3 a4 13. g4 b4 14. Nxa4 Ne4 15. Bxe7
Qxe7 16. Bxe4 dxe4 17. Nd2 f5 18. b3 Ba6 19. Nb2 Nf6 20. Nbc4 Nd5 21. Rdf1 Qa7
22. a4 1-0

[Event "Weekend Accademia Inverno"]
[Site "Roma ITA"]
[Date "2011.02.12"]
[Round "3"]
[White "Milani, Patrizia"]
[Black "Pitrelli, Antonio"]
[Result "0-1"]
[WhiteElo "1425"]
[BlackElo "1937"]
[PlyCount "72"]
[EventDate "2011.02.11"]

1. e4 e6 2. d4 d5 3. e5 c5 4. c3 Nc6 5. Nf3 Bd7 6. Be2 Nge7 7. Bg5 cxd4 8. cxd4
Qb6 9. b3 Nf5 10. Be3 Bb4+ 11. Kf1 O-O 12. a3 Be7 13. b4 f6 14. Qd2 fxe5 15.
dxe5 Nxe3+ 16. Qxe3 Qxe3 17. fxe3 Nxe5 18. Ke1 Bf6 19. Nxe5 Bxe5 20. Ra2 Rac8
21. Kd2 Rf2 22. Re1 Rxg2 23. Rc2 Rxc2+ 24. Kxc2 Bb5 25. Kd1 Bxe2+ 26. Rxe2 Rxe2
27. Kxe2 Bxh2 28. Nc3 Be5 29. Nd1 h5 30. Kf3 g5 31. Nf2 b5 32. Nd3 Bc3 33. Nc5
Kf7 34. Na6 g4+ 35. Kf4 Kf6 36. Nc5 Be5# 0-1

[Event "Weekend Accademia Inverno"]
[Site "Roma ITA"]
[Date "2011.02.12"]
[Round "3"]
[White "Iandolo, Marco"]
[Black "Chiaretti, Roberto"]
[Result "0-1"]
[WhiteElo "1925"]
[BlackElo "2205"]
[PlyCount "52"]
[EventDate "2011.02.11"]

1. Nf3 d5 2. c4 d4 3. b4 c5 4. g3 cxb4 5. a3 b3 6. d3 Nc6 7. Nbd2 e5 8. Bg2 Nf6
9. O-O Be7 10. Nxb3 O-O 11. a4 h6 12. Ne1 Bf5 13. a5 Rc8 14. Nc2 Re8 15. Ba3
Bxa3 16. Rxa3 Qd7 17. Qd2 e4 18. Nc5 Qe7 19. Nxe4 Nxe4 20. dxe4 Bxe4 21. Bxe4
Qxe4 22. Rd1 Ne5 23. Ra2 d3 24. Ne1 dxe2 25. Rc1 Rxc4 26. f3 Qxf3 0-1

[Event "Weekend Accademia Inverno"]
[Site "Roma ITA"]
[Date "2011.02.12"]
[Round "3"]
[White "Quimi, Marco"]
[Black "Paragliola, Gennaro"]
[Result "1-0"]
[WhiteElo "2114"]
[BlackElo "1603"]
[PlyCount "111"]
[EventDate "2011.02.11"]

1. d4 Nf6 2. Nf3 d6 3. g3 g6 4. Bg2 Bg7 5. c4 O-O 6. O-O Nc6 7. Nc3 e5 8. d5
Ne7 9. e4 Nd7 10. Be3 f5 11. Qd2 Nf6 12. Bg5 Nxe4 13. Nxe4 fxe4 14. Nh4 Bf5 15.
Rae1 Qd7 16. Bxe4 Bh3 17. Ng2 Nf5 18. Bxf5 Qxf5 19. f3 Rf7 20. Nh4 Qd7 21. Rf2
Raf8 22. Ree2 b5 23. cxb5 Qxb5 24. g4 Qb6 25. Re4 Bf6 26. Bxf6 Rxf6 27. b3 Rf4
28. Rxf4 Rxf4 29. Ng2 Rxf3 30. Ne1 Rf4 31. Nc2 Rxg4+ 32. Kh1 Re4 33. Rf3 Rg4
34. Ne3 Rd4 35. Qf2 Rf4 36. Rxf4 exf4 37. Qxf4 Qa5 38. Qg3 Bd7 39. Kg1 Qxa2 40.
Qg5 Qb1+ 41. Kf2 Qb2+ 42. Kf3 Qe5 43. Qd8+ Qe8 44. Qxc7 Qf7+ 45. Kg3 Qe7 46.
Qxa7 Qe5+ 47. Kf3 Qf6+ 48. Ke2 Qf7 49. Qb8+ Kg7 50. Qxd6 Bb5+ 51. Nc4 Qe8+ 52.
Kd2 Qf7 53. Qe5+ Kg8 54. Kc3 Qf3+ 55. Kb4 Ba6 56. Qe6+ 1-0